Handbook of microalgal culture: biotechnology and applied phycology
Αποθηκεύτηκε σε:
| Κύριος συγγραφέας: | |
|---|---|
| Μορφή: | Βιβλίο |
| Γλώσσα: | Αγγλικά |
| Έκδοση: |
Oxford
Blackwell Science
2004
|
| Έκδοση: | 1a. ed |
| Θέματα: | |
| Ετικέτες: |
Προσθήκη ετικέτας
Δεν υπάρχουν, Καταχωρήστε ετικέτα πρώτοι!
|
MARC
| LEADER | 00000nam a2200000 a 4500 | ||
|---|---|---|---|
| 001 | UCL7037 | ||
| 003 | CL-VaPUC | ||
| 008 | 040423e20040000UK |||||||||||||||||eng|d | ||
| 020 | |a 0632059532 | ||
| 082 | 0 | 4 | |a 579.8 |b RIC |2 21 |
| 100 | 0 | |a Richmond, Amos |e author |9 484766 | |
| 245 | 1 | 0 | |a Handbook of microalgal culture: biotechnology and applied phycology |
| 250 | |a 1a. ed | ||
| 300 | |a 566 p | ||
| 942 | |c BK | ||
| 945 | |d 20040423 00:00:00 |a cmena | ||
| 260 | |a Oxford |b Blackwell Science |c 2004 | ||
| 650 | 0 | |a Algicultura (Cultivo de algas) |9 407638 | |
| 650 | 7 | |a MICROALGAS |2 CL-VaPUC |9 350422 | |
| 650 | 0 | |a Biotecnología |9 259561 | |
| 650 | 0 | |a Algología |9 484767 | |
| 583 | |a last modification |c 20040423 00:00:00 |k Rodrigo Vera | ||
| 999 | |c 308906 |d 308904 | ||
| 952 | |0 0 |1 0 |4 0 |6 579_800000000000000_RIC_2004 |7 0 |8 CCM |9 375838 |a BIBCUR |b BIBCUR |d 2019-11-21 |i 4011880 |l 1 |o 579.8 RIC 2004 |p 4011880 |r 2025-04-22 |s 2022-03-15 |w 2019-11-21 |y BK |k CIM | ||